000
00292nam a2200121Ia 4500
008
191201s2019 xx 000 0 und d
100
_a
GHOSH, Manas
245
0
_a
Database Management Systems MBA ITM4 SEM-4
260
_a
N. delhi
_b
Vikas Pub
300
_a
320
650
_a
MBA
942
_2
ddc
_c
BK
999
_c
288
_d
288